000 00967nam a2200265Ia 4500
999 _c54310
_d54310
001 21366
003 GE_BSU
005 20221122164108.0
008 181216s2016||||enk|||||||||||||| ||eng||
020 _a9781783555130x
040 _cGE_BSU
041 _aeng
080 _a004.3 R-24
100 _aRaschka, Sebastian
_912783
245 _aPython Machine Learning :
_bUnlock deeper insights into machine learning with this vital guide to cutting-edge predictive analytics /
_cSebastian Raschka.
264 _aBirmingham :
_bPackt Publishing,
_c2016.
300 _a425 p. ;
_c24 cm.
500 _aIndex p. : 417-425
541 _h141 Gel.
653 _aPython Machine Learning
653 _aUnlock deeper insights into machine learning with this vital guide to cutting-edge predictive analytics
653 _aИнженерные технологии
653 _aსაინფორმაციო ტექნოლოგიები
942 _cBK
_2udc